Statistics for Top 10 2-Team QB's ever

Click here to take the quiz!

General Stats

  • This quiz has been taken 14 times
  • The average score is 8 of 10

Answer Stats

TeamQB% Correct
4. SDC/NOSDrew Brees
100%
2. IND/DENPeyton Manning
100%
1. NEP/TBBTom Brady
100%
3. SFF/KANJoe Montana
93%
9. DET/LARMatthew Stafford
86%
8. ATL/INDMatt Ryan
86%
5. MIN/NYGFran Tarkenton
64%
10. NYJ/LARJoe Namath
64%
6. TBB/SFFSteve Young
64%
7. LAR/PHINorm Van Brocklin
14%

Score Distribution

Percentile by Number Answered

Percent of People with Each Score

Your Score History

You have not taken this quiz